Sports Quiz

Random Sports Quiz

2006 Dodge Charger 500 Results Quiz Stats

 Plays Quiz not verified by Sporcle

Challenge
Share
Tweet
Embed
Score 0/43 Timer 05:00
0 Plays Today
Number Driver % Correct
16Greg Biffle
96%
24Jeff Gordon
96%
17Matt Kenseth
96%
48Jimmie Johnson
92%
8Dale Earnhardt Jr.
92%
12Ryan Newman
92%
5Kyle Busch
92%
6Mark Martin
92%
31Jeff Burton
92%
11Denny Hamlin
92%
20Tony Stewart
92%
1Martin Truex Jr.
92%
45Kyle Petty
88%
2Kurt Busch
88%
9Kasey Kahne
88%
07Clint Bowyer
88%
88Dale Jarrett
88%
10Scott Riggs
88%
41Reed Sorenson
84%
7Robby Gordon
84%
21Ken Schrader
84%
55Michael Waltrip
84%
Number Driver % Correct
26Jamie McMurray
84%
01Joe Nemechek
80%
43Bobby Labonte
80%
29Kevin Harvick
80%
19Jeremy Mayfield
80%
99Carl Edwards
80%
25Brian Vickers
80%
18JJ Yeley
76%
44Terry Labonte
76%
42Casey Mears
72%
96 Tony Raines
72%
40David Stremme
72%
22Dave Blaney
72%
38Elliott Sadler
72%
66Jeff Green
72%
14Sterling Marlin
68%
32Travis Kvapil
60%
4Scott Wimmer
56%
49Kevin Lepage
44%
74Derrike Cope
36%
95Stanton Barrett
28%

You're not logged in!

Compare scores with friends on all Sporcle quizzes.
Join for Free
OR
Log In

You Might Also Like...

Show Comments

Extras

Top Quizzes Today


Score Distribution

Your Account Isn't Verified!

In order to create a playlist on Sporcle, you need to verify the email address you used during registration. Go to your Sporcle Settings to finish the process.

Report this User

Report this user for behavior that violates our Community Guidelines.

Details: